[Event "POL-ch Rapid U18"]
[Site "Bydgoszcz"]
[Date "2023.08.29"]
[Round "5"]
[White "Kusiak, Mateusz"]
[Black "Borowik, Wojciech"]
[Result "1-0"]
[WhiteElo "1987"]
[BlackElo "1796"]
[PlyCount "123"]
[EventDate "2023.08.28"]
[EventType "swiss"]
[EventRounds "11"]
[EventCountry "POL"]
[SourceTitle "EXT 2024"]
[Source "ChessBase"]
[SourceDate "2023.10.10"]
[SourceVersion "1"]
[SourceVersionDate "2023.10.10"]
[SourceQuality "1"]

1. e4 c5 2. c3 d5 3. exd5 Qxd5 4. d4 Nc6 5. Nf3 Bf5 6. Be2 cxd4 7. cxd4 Bxb1 8. Rxb1 e6 9. a3 Nf6 10. h3 Be7 11. 0-0 0-0 12. Be3 Rfd8 13. Qa4 a6 14. b4 b5 15. Qc2 Rac8 16. Qb2 Ne4 17. Rbc1 Bf6 18. Rfd1 Ne7 19. g4 Ng5 20. Nxg5 Bxg5 21. Rc5 Rxc5 22. dxc5 Qxd1+ 23. Bxd1 Rxd1+ 24. Kg2 Bxe3 25. Qe2 Rd5 26. Qxe3 Nc6 27. Qf4 Ne5 28. c6 Nxc6 29. Qc7 Nd8 30. Qb6 Kf8 31. Qxa6 Ke7 32. Qa7+ Ke8 33. a4 bxa4 34. Qxa4+ Ke7 35. b5 g6 36. Qa7+ Rd7 37. Qc5+ Ke8 38. b6 Rb7 39. g5 Rd7 40. h4 Rb7 41. Qd4 Ke7 42. Kg3 Ke8 43. h5 gxh5 44. Kh4 Nc6 45. Qc5 Nd8 46. Kxh5 Rd7 47. Kh6 Rd5 48. Qb4 Rd7 49. Kxh7 Nc6 50. b7 Rd8 51. Qf4 Nb8 52. Kg7 Kd7 53. Kxf7 Kc6 54. Kxe6 Kxb7 55. Qb4+ Kc7 56. Qa5+ Kc8 57. g6 Nc6 58. Qc5 Kb7 59. g7 Rc8 60. Qf8 Nd4+ 61. Kd5 Nc6 62. Qxc8+ 1-0

[Event "Lazy Baltic Pearl op-A 19th"]
[Site "Lazy"]
[Date "2023.06.28"]
[Round "3"]
[White "Klisowski, Bartosz"]
[Black "Kusiak, Mateusz"]
[Result "0-1"]
[WhiteElo "1606"]
[BlackElo "1943"]
[PlyCount "50"]
[EventDate "2023.06.26"]
[EventType "swiss"]
[EventRounds "9"]
[EventCountry "POL"]
[SourceTitle "CBM 215 Extra"]
[Source "ChessBase"]
[SourceDate "2023.09.30"]
[SourceVersion "1"]
[SourceVersionDate "2023.09.30"]
[SourceQuality "1"]

1. Nf3 c5 2. c4 Nf6 3. Nc3 d5 4. cxd5 Nxd5 5. g3 Nc6 6. d4 cxd4 7. Nxd4 Nxc3 8. bxc3 Qd5 9. Nf3 Qxd1+ 10. Kxd1 e5 11. Bb2 Bc5 12. Ke1 Be6 13. Bg2 Rd8 14. Ng5 Bc4 15. Ne4 Be7 16. Nd2 Be6 17. Be4 0-0 18. f4 exf4 19. gxf4 Rfe8 20. Nf3 Bc4 21. Bxc6 Bh4+ 22. Nxh4 Rxe2+ 23. Kf1 bxc6 24. Nf5 Rxb2+ 25. Ke1 Re2+ 0-1

[Event "EU-ch Blitz"]
[Site "Katowice"]
[Date "2022.12.16"]
[Round "2"]
[White "Kusiak, Mateusz"]
[Black "Drozdowski, Kacper"]
[Result "0-1"]
[WhiteElo "1918"]
[BlackElo "2448"]
[PlyCount "70"]
[EventDate "2022.12.16"]
[EventType "swiss (blitz)"]
[EventRounds "22"]
[EventCountry "POL"]
[SourceTitle "CBM 211 Extra"]
[Source "ChessBase"]
[SourceDate "2023.01.31"]
[SourceVersion "1"]
[SourceVersionDate "2023.01.31"]
[SourceQuality "1"]

1. Nf3 d5 2. c4 c6 3. g3 Nf6 4. Bg2 dxc4 5. Qc2 e6 6. Qxc4 b5 7. Qc2 Bb7 8. d4 Nbd7 9. 0-0 c5 10. Nc3 b4 11. Na4 Rc8 12. dxc5 Nxc5 13. Nxc5 Bxc5 14. Qd1 Qb6 15. Bg5 Ne4 16. e3 0-0 17. Bf4 Rfd8 18. Qb3 Bd5 19. Qa4 h6 20. Be5 a5 21. Bd4 Bxd4 22. Nxd4 Nc5 23. Qb5 Qxb5 24. Nxb5 Bc4 25. Nd4 Bxf1 26. Kxf1 Nd3 27. Nc6 Re8 28. Rd1 Nxb2 29. Rd7 Kf8 30. Ra7 Nc4 31. Ke2 Ra8 32. Rxa8 Rxa8 33. Ne5 Rc8 34. Nd7+ Ke7 35. Bb7 Rc7 0-1